00526nam a2200157 a 4500008004100000050001300041110001500054245012400069260003900193300001800232350000900250362001200259490003500271650001400306650004800320081022s1981 ||||||||||||||||| || u aIBRD(08) aWorld Bank10aEconomics of supplemetntal feeding of malnourished children: leakages, costs, and benefitscPrepared by Odin K. Knudsen aWashignton, D.C.bWorld Bankc1981 a76p. : illus. a0.001 ano. 451 aWorld Bank Staff working paper 0aECONOMICS aSUPPLEMENTAL FEEDING--MALNOURISHED CHILDREN